Fundamentos de circuitos eléctricos (Registro nro. 21529)
[ vista simple ]
| 000 -Cabecera | |
|---|---|
| Campo de control interno | 00482nam a22002057a 4500 |
| 005 - Fecha y hora del registro | |
| control field | 20260311101644.0 |
| 008 - Elementos de Longitud Fija | |
| fixed length control field | 260311b |||||||| |||| 00| 0 spa d |
| 041 ## - Idioma | |
| Codigo Idioma | ESP |
| 082 ## - DEWEY y NOTACIÓN INTERNA | |
| Dewey | 621.38132 |
| Notación Interna | A39 |
| 100 ## - AUTOR | |
| Autor denominación | Alexander, Charles K. |
| 245 ## - TÍTULO DE MATERIAL BIBLIOGRÁFICO | |
| Título | Fundamentos de circuitos eléctricos |
| 260 ## - CIUDAD, EDITORIAL, AÑO | |
| Ciudad | : |
| Nombre de la Editorial | , |
| Año | 2013 |
| 300 ## - DESCRIPCIÓN | |
| N° Páginas | 000 páginas : |
| Otros detalles | ; |
| Dimensiones | 00 cm. |
| 440 ## - MENCIÓN DE SERIE | |
| Título de la Serie | ; |
| 650 ## - TEMAS | |
| Temas | Generalidades |
| 654 ## - PROGRAMAS | |
| Programa | Dpto. de Ingeniería Electrónica y Telecomunicaciones |
| 700 ## - OTROS AUTORES | |
| Otros autores | ; |
| 942 ## - ELEMENTOS DE KOHA | |
| Tipo de documento | Libro |
| Nombre del creador | Justo Noguera |
| Código de catalogador | Justo Noguera |
| Esquema de clasificación | Dewey Decimal Classification |
| Codigo completo | Registro | Colección | Copia número | Disponibilidad | Tipo de préstamo | Biblioteca Actual | Procedencia (Biblioteca) | Ubicacón | Fecha Ingreso | Tipo de Adquisición | Date last seen | Total checkouts | Date last checked out | Price effective from | Tipo de Item | Estado del Material | Fuente de Clasificación | Damaged status | Withdrawn status |
|---|---|---|---|---|---|---|---|---|---|---|---|---|---|---|---|---|---|---|---|
| 621.38132 A39 | 1015404 | Universidad Católica San Pablo | 1 | Disponible | Disponible | Víctor Andrés Belaunde | Víctor Andrés Belaunde | Segundo piso | 11/03/2026 | Compra | 12/03/2026 | 1 | 11/03/2026 | 11/03/2026 | Libro | Bueno | Dewey Decimal Classification |




